Countries starting with A - Statistics

General Stats
  • This quiz has been taken 45 times
  • The average score is 9 of 11
Answer Stats
Answer % Correct
Australia
95%
Austria
95%
Azerbaijan
86%
Algeria
84%
Angola
84%
Armenia
84%
Afghanistan
81%
Andorra
79%
Albania
77%
Argentina
67%
Antigua and Barbuda
65%
No matching quizzes found
Score Distribution
Percent of People with Each Score
Percentile by Number Answered
Your Score History
You have not taken this quiz